Catálogo público

La cerda: cómo mejorar su productividad / (Record no. 163024)

MARC details
000 -CABECERA
campo de control de longitud fija 00845nam a2200289Ia 4500
001 - NÚMERO DE CONTROL
campo de control Z_58
003 - IDENTIFICADOR DEL NÚMERO DE CONTROL
campo de control CHAP
008 - DATOS DE LONGITUD FIJA--INFORMACIÓN GENERAL
campo de control de longitud fija 220113s1982 xx 000 0 und d
010 ## - NÚMERO DE CONTROL DE LA BIBLIOTECA DEL CONGRESO
Número de control de LC 163024
040 ## - FUENTE DE LA CATALOGACIÓN
Centro/agencia transcriptor CHAP
082 ## - NÚMERO DE LA CLASIFICACIÓN DECIMAL DEWEY
Número de clasificación 636.4 E53y
100 ## - ENTRADA PRINCIPAL--NOMBRE DE PERSONA
Nombre de persona English, Peter R
9 (RLIN) 36990
245 ## - MENCIÓN DE TÍTULO
Título La cerda: cómo mejorar su productividad /
Mención de responsabilidad, etc. por Peter R. English, William J. Smith y Alastair MacLean
260 ## - PUBLICACIÓN, DISTRIBUCIÓN, ETC.
Lugar de publicación, distribución, etc. México, D. F. :
Nombre del editor, distribuidor, etc. El manual moderno,
Fecha de publicación, distribución, etc. 1982
300 ## - DESCRIPCIÓN FÍSICA
Extensión 391 p.
440 ## - MENCIÓN DE SERIE/PUNTO DE ACCESO ADICIONAL--TÍTULO
Título
500 ## - NOTA GENERAL
Nota general Trad. de: The sow: improving thed efficiency, 2 ed. de 1982
503 ## - NOTA DE HISTORIA BIBLIOGRÁFICA (BK CF MU) [OBSOLETO]
Nota de historia bibliográfica C/E
650 ## - PUNTO DE ACCESO ADICIONAL DE MATERIA--TÉRMINO DE MATERIA
Término de materia o nombre geográfico como elemento de entrada Ganado porcino
Subdivisión general Mejoramiento
9 (RLIN) 45382
650 ## - PUNTO DE ACCESO ADICIONAL DE MATERIA--TÉRMINO DE MATERIA
Término de materia o nombre geográfico como elemento de entrada Ganado porcino
Subdivisión general Producción I. Smith, William J. II. McLean, Alastair III. t.
9 (RLIN) 137246
901 ## - ELEMENTOS DE DATOS A LOCAL LDA (RLIN)
a 636.4 E53y
902 ## - ELEMENTOS DE DATOS B LOCAL, LDB (RLIN)
a A
910 ## - DATOS DE OPCIÓN DEL USUARIO (OCLC)
Datos de opción del usuario 1982
942 ## - ELEMENTOS DE PUNTO DE ACCESO ADICIONAL (KOHA)
Tipo de ítem Koha Libro_
942 ## - ELEMENTOS DE PUNTO DE ACCESO ADICIONAL (KOHA)
Tipo de ítem Koha
Holdings
Estado de retiro Estado de pérdida Estado dañado No para préstamo Localización permanente Ubicación/localización actual Ubicación en estantería Fecha de adquisición Información codificada de la localización en otra ubicación Código de barras Fecha visto por última vez Número de copia Precio válido a partir de Tipo de ítem Koha Nota pública Total de préstamos Fecha del último préstamo
        Zootecnia Zootecnia   09/11/2005 1 z_0560 18/01/2022 1 18/01/2022 Libro 2    
        Zootecnia Zootecnia   09/11/2005 1 z_0561 18/01/2022 2 18/01/2022 Libro 3    
        Zootecnia Zootecnia   09/11/2005 1 z_2689 26/08/2025 4 18/01/2022 Libro 3 2 26/08/2025
        Zootecnia Zootecnia   09/11/2005 1 z_4502 17/06/2025 3 18/01/2022 Libro 3 1 17/06/2025